| 000 | 00706cam a22002172 4500 | ||
|---|---|---|---|
| 001 | 0000019163 | ||
| 005 | 20151217145911.0 | ||
| 008 | 101018s xx 000 0 eng d | ||
| 020 | _a013818152217 : | ||
| 040 |
_aKABU _cKABU |
||
| 100 | 1 |
_aBruegge, Bernd. _@0000157723 |
|
| 245 | 1 | 0 |
_aObject-oriented software engineering using UML, patterns, and java / _cBernd Bruegge & Allen H. Dutoit. |
| 250 | _a3rd ed. | ||
| 260 |
_aBoston : _bPearson, _c2010. |
||
| 300 | _a812 p. | ||
| 650 | 0 |
_aObject oriented programming (Computer science) _@0000148166 |
|
| 700 | 1 |
_aDutoit, Allen H. _@0000157724 |
|
| 852 | 1 | _9p4548.70 KES | |
| 908 | _a101018 | ||
| 950 | _@1 | ||
| 999 |
_c3886 _d3886 |
||